Fraternity among the French peasantry : sociability and voluntary associations in the Loire valley, 1815-1914
Αποθηκεύτηκε σε:
| Κύριος συγγραφέας: | |
|---|---|
| Μορφή: | Βιβλίο |
| Γλώσσα: | English |
| Δημοσίευση: |
Cambridge, UK; New York :
Cambridge University Press,
1999
|
| Σειρά: | Cambridge studies in historical geography ;
; 28 |
| Θέματα: | |
| Ετικέτες: |
Προσθήκη ετικέτας
Δεν υπάρχουν, Καταχωρήστε ετικέτα πρώτοι!
|
MARC
| LEADER | 00000nam a2200000 i 4500 | ||
|---|---|---|---|
| 001 | 1/52948 | ||
| 008 | 140807r19992004 eng d | ||
| 020 | |a 0-521-60271-8 | ||
| 035 | |l 10118592 | ||
| 040 | |a GR-MY-UA |b gre |e aacr | ||
| 041 | 0 | |a eng | |
| 082 | 0 | |a 334.70944 |2 (23) | |
| 100 | 1 | |a Baker, Alan R. H. | |
| 245 | 1 | 0 | |a Fraternity among the French peasantry : |b sociability and voluntary associations in the Loire valley, 1815-1914 / |c Alan R.H. Baker |
| 260 | |a Cambridge, UK; New York : |b Cambridge University Press, |c 1999 | ||
| 300 | |a xviii, 373 σ.; |b εικ.; |c 24 εκ. | ||
| 490 | 1 | |a Cambridge studies in historical geography |v ; 28 | |
| 504 | |a Περιλαμβάνει βιβλιογραφικές αναφορές (σ. 338-360) και ευρετήριο | ||
| 650 | 0 | 0 | |a Fraternal organizations |z France |x History. |
| 650 | 0 | 0 | |a Peasants |z France |x History. |
| 830 | 0 | |a Cambridge studies in historical geography ; |v ; 28 | |
| 852 | |a INST |b LESVOS |e 20140807 |h 334.70944 BAK |p 005100054350 |q 005100054350 |t BK |y 0 | ||
| 901 | |a BIBL1-2014-2 | ||
| 909 | |a Λ |b 189894 | ||
| 922 | |a 1ΕΛΗ |b 201406 |c ΤΚΑΙ |d ΔΙΑΔΡΟΜΕΣ | ||
| 970 | |a ΤΖΑΦΕΡΗ |b ΕΥΑΓΓΕΛΙΑ |z 2014/08/07 | ||